Langues officielles - Clic quiz - Statistiques

Statistiques générales
  • Ce quiz a été pris 159 fois
  • Le résultat moyen est 13 sur 13
Statistiques - réponses
Hint Réponse % Correct
Allemand Allemagne
99%
Arabe Arabie Saoudite
99%
Espagnol Espagne
99%
Français France
99%
Italien Italie
99%
Japonais Japon
99%
Malais Malaisie
99%
Portugais Portugal
99%
Anglais Royaume-Uni
99%
Néerlandais Pays-Bas
98%
Tagalog Philippines
98%
Thaï Thaïlande
98%
Indonésien Indonésie
96%
Aucun quiz correspondant
Distribution des résultats
% des personnes avec chaque résultat
Percentile par nombre de réponses
Votre historique - résultats
Vous n’avez pas pris ce quiz